<?xml version="1.0" encoding="UTF-8"?>
<record
    xmlns:xsi="http://www.w3.org/2001/XMLSchema-instance"
    xsi:schemaLocation="http://www.loc.gov/MARC21/slim http://www.loc.gov/standards/marcxml/schema/MARC21slim.xsd"
    xmlns="http://www.loc.gov/MARC21/slim">

  <leader>04285cam a22005174i 4500</leader>
  <controlfield tag="003">PE-LiUPU</controlfield>
  <controlfield tag="005">20250731165433.0</controlfield>
  <controlfield tag="008">160304s2015    caua    r     000 0 spa d</controlfield>
  <datafield tag="020" ind1=" " ind2=" ">
    <subfield code="a">9781466256965</subfield>
  </datafield>
  <datafield tag="020" ind1=" " ind2=" ">
    <subfield code="a">1466256966</subfield>
  </datafield>
  <datafield tag="035" ind1=" " ind2=" ">
    <subfield code="a">(Sirsi) a156368</subfield>
  </datafield>
  <datafield tag="040" ind1=" " ind2=" ">
    <subfield code="a">PE-LiUPU</subfield>
    <subfield code="b">spa</subfield>
    <subfield code="c">PE-LiUPU</subfield>
    <subfield code="e">rda</subfield>
  </datafield>
  <datafield tag="082" ind1="0" ind2="4">
    <subfield code="a">001.42</subfield>
    <subfield code="b">C22</subfield>
  </datafield>
  <datafield tag="100" ind1="1" ind2=" ">
    <subfield code="a">Camps, Diego,</subfield>
    <subfield code="e">autor.</subfield>
  </datafield>
  <datafield tag="245" ind1=" " ind2=" ">
    <subfield code="a">Redacci&#xF3;n de art&#xED;culos cient&#xED;ficos en ciencias de la salud /</subfield>
    <subfield code="c">Diego Camps.</subfield>
  </datafield>
  <datafield tag="250" ind1=" " ind2=" ">
    <subfield code="a">Primera Edici&#xF3;n.</subfield>
  </datafield>
  <datafield tag="264" ind1=" " ind2="1">
    <subfield code="a">San Bernardino, California :</subfield>
    <subfield code="b">Internal Medical Publishing,</subfield>
    <subfield code="c">2015.</subfield>
  </datafield>
  <datafield tag="300" ind1=" " ind2=" ">
    <subfield code="a">82 p&#xE1;ginas :</subfield>
    <subfield code="b">ilustraciones ;</subfield>
    <subfield code="c">29 cent&#xED;metros</subfield>
  </datafield>
  <datafield tag="336" ind1=" " ind2=" ">
    <subfield code="a">text</subfield>
    <subfield code="2">rdacontent</subfield>
  </datafield>
  <datafield tag="337" ind1=" " ind2=" ">
    <subfield code="a">unmediated</subfield>
    <subfield code="2">rdamedia</subfield>
  </datafield>
  <datafield tag="338" ind1=" " ind2=" ">
    <subfield code="a">volume</subfield>
    <subfield code="2">rdacarrier</subfield>
  </datafield>
  <datafield tag="505" ind1="0" ind2=" ">
    <subfield code="a">Aproximaci&#xF3;n hist&#xF3;rica a la comunidad cient&#xED;fica -- Evoluci&#xF3;n de las revistas cient&#xED;ficas -- El art&#xED;culo cient&#xED;fico -- Tipos de art&#xED;culos cient&#xED;ficos -- Caracter&#xED;sticas de los principales tipos de art&#xED;culos -- Casos cl&#xED;nicos o reporte de casos -- Editorial -- Revisi&#xF3;n -- Carta al editor -- Otros tipos de art&#xED;culo -- Redacci&#xF3;n cient&#xED;fica -- Algunos mitos de la redacci&#xF3;n -- Finalidad de los art&#xED;culos de redacci&#xF3;n --  La historia del IMRYD -- Estilo cient&#xED;fico -- Pir&#xE1;mide de la redacci&#xF3;n cient&#xED;fica -- Redacci&#xF3;n: criterios gramaticales -- Redacci&#xF3;n: normas ortogr&#xE1;ficas -- Abreviaciones -- May&#xFA;sculas y Min&#xFA;sculas -- Otras normas ortotipogr&#xE1;ficas -- Redacci&#xF3;n: Sugerencias l&#xE9;xicas -- Introducci&#xF3;n -- Estructura -- Errores frecuentes -- Materia y m&#xE9;todos -- Organizaci&#xF3;n -- Situaciones especiales -- Resultados, tablas y figuras -- Datos y resultados -- Organizaci&#xF3;n de la secci&#xF3;n -- Redacci&#xF3;n de la secci&#xF3;n -- Presentar datos num&#xE9;ricos --  Presentar datos estad&#xED;sticos -- Elecci&#xF3;n de tablas y figuras -- Figuras -- Ilustraciones -- Fotograf&#xED;as -- Gr&#xE1;ficos -- Elecci&#xF3;n de la gr&#xE1;fica m&#xE1;s adecuada -- Republicaci&#xF3;n de Figuras -- Discusi&#xF3;n -- Organizaci&#xF3;n -- Resumen --  Res&#xFA;menes Descriptivos -- Res&#xFA;menes informativos -- Estructuraci&#xF3;n de un resumen -- Errores en la confecci&#xF3;n de un resumen -- T&#xED;tulo --  Construcci&#xF3;n del T&#xED;tulo -- Elecci&#xF3;n de las palabras adecuadas -- Tipos de T&#xED;tulos -- El t&#xED;tulo en diferentes tipos de manuscrito -- Palabras clave -- Seleccionar palabras clave del MeSh -- Paso I. Determinaci&#xF3;n del tema, palabras o frases significativas, y sus equivalencias en ingl&#xE9;s -- Paso II. Elaboraci&#xF3;n del mapa de b&#xFA;squeda -- Paso III. Ejecuci&#xF3;n de la b&#xFA;squeda -- Paso IV. Elecci&#xF3;n del t&#xE9;rmino -- Las palabras adecuadas -- La redacci&#xF3;n de las palabras clave -- Referencias Bibliogr&#xE1;ficas -- Algunos errores al citar -- Estilos -- Requisitos uniformes -- Las referencias de acuerdo a los requerimientos uniformes -- Informe Cient&#xED;fico o T&#xE9;cnico -- Estudios con dise&#xF1;os espec&#xED;ficos -- Publicaci&#xF3;n de ensayos cl&#xED;nicos controlados aleatorizados: declaraci&#xF3;n CONSORT -- Publicaci&#xF3;n de revisiones sistem&#xE1;ticas y metaanal&#xED;sis: declaraci&#xF3;n QUOROM -- Publicaci&#xF3;n de estudios epidemiol&#xF3;gicos: declaraci&#xF3;n STROBE -- Publicaci&#xF3;n de estudios sobre exactitud diagn&#xF3;stica: declaraciones STARD y REMARK -- Art&#xED;culos metodol&#xF3;gicos.-- Cartas al editor -- Comunicaciones cortas -- Descripciones de casos -- El An&#xE1;lisis de una serie de casos -- Revisiones.</subfield>
  </datafield>
  <datafield tag="526" ind1=" " ind2=" ">
    <subfield code="a">SEG44</subfield>
  </datafield>
  <datafield tag="526" ind1=" " ind2=" ">
    <subfield code="a">SEG26</subfield>
  </datafield>
  <datafield tag="526" ind1=" " ind2=" ">
    <subfield code="a">P151</subfield>
  </datafield>
  <datafield tag="526" ind1=" " ind2=" ">
    <subfield code="a">P150</subfield>
  </datafield>
  <datafield tag="526" ind1=" " ind2=" ">
    <subfield code="a">P149</subfield>
  </datafield>
  <datafield tag="526" ind1=" " ind2=" ">
    <subfield code="a">P146</subfield>
  </datafield>
  <datafield tag="526" ind1=" " ind2=" ">
    <subfield code="a">P145</subfield>
  </datafield>
  <datafield tag="526" ind1=" " ind2=" ">
    <subfield code="a">P126</subfield>
  </datafield>
  <datafield tag="526" ind1=" " ind2=" ">
    <subfield code="a">P125</subfield>
  </datafield>
  <datafield tag="526" ind1=" " ind2=" ">
    <subfield code="a">P92</subfield>
  </datafield>
  <datafield tag="526" ind1=" " ind2=" ">
    <subfield code="a">P75</subfield>
  </datafield>
  <datafield tag="526" ind1=" " ind2=" ">
    <subfield code="a">P74</subfield>
  </datafield>
  <datafield tag="526" ind1=" " ind2=" ">
    <subfield code="a">P27</subfield>
  </datafield>
  <datafield tag="526" ind1=" " ind2=" ">
    <subfield code="a">P15</subfield>
  </datafield>
  <datafield tag="650" ind1="0" ind2="4">
    <subfield code="a">Art&#xED;culos cient&#xED;ficos</subfield>
    <subfield code="x">Redacci&#xF3;n.</subfield>
  </datafield>
  <datafield tag="650" ind1="0" ind2="4">
    <subfield code="a">Publicaciones cient&#xED;ficas</subfield>
    <subfield code="x">Gu&#xED;as de estudio.</subfield>
  </datafield>
  <datafield tag="650" ind1="0" ind2="4">
    <subfield code="a">Ciencias de la Salud</subfield>
    <subfield code="x">Investigaci&#xF3;n</subfield>
    <subfield code="x">Metodolog&#xED;a.</subfield>
  </datafield>
  <datafield tag="910" ind1=" " ind2=" ">
    <subfield code="a">jck</subfield>
    <subfield code="b">bpc</subfield>
    <subfield code="c">bpc</subfield>
    <subfield code="d">20160405</subfield>
  </datafield>
  <datafield tag="596" ind1=" " ind2=" ">
    <subfield code="a">1</subfield>
  </datafield>
  <datafield tag="942" ind1=" " ind2=" ">
    <subfield code="2">ddc</subfield>
    <subfield code="c">BOOK</subfield>
  </datafield>
  <datafield tag="999" ind1=" " ind2=" ">
    <subfield code="a">001.42 C22</subfield>
    <subfield code="w">DEWEY</subfield>
    <subfield code="c">9049</subfield>
    <subfield code="i">72766</subfield>
    <subfield code="d">9049</subfield>
    <subfield code="e">2018-7-10</subfield>
    <subfield code="f">2021-11-3</subfield>
    <subfield code="g">5</subfield>
    <subfield code="l">CCODEBUL1</subfield>
    <subfield code="m">BUL</subfield>
    <subfield code="n">5</subfield>
    <subfield code="p">25.00</subfield>
    <subfield code="r">0</subfield>
    <subfield code="s">Y</subfield>
    <subfield code="t">BOOK</subfield>
    <subfield code="u">2016-3-4</subfield>
    <subfield code="x">SALUD</subfield>
    <subfield code="P">P69</subfield>
    <subfield code="0">COMPRA</subfield>
    <subfield code="o">.STAFF. Posgrado</subfield>
  </datafield>
  <datafield tag="999" ind1=" " ind2=" ">
    <subfield code="a">001.42 C22</subfield>
    <subfield code="w">DEWEY</subfield>
    <subfield code="c">2</subfield>
    <subfield code="i">72767</subfield>
    <subfield code="d">2020-1-30</subfield>
    <subfield code="e">2020-1-26</subfield>
    <subfield code="f">2021-11-3</subfield>
    <subfield code="g">5</subfield>
    <subfield code="l">CCODEBUL1</subfield>
    <subfield code="m">BUL</subfield>
    <subfield code="n">7</subfield>
    <subfield code="p">25.00</subfield>
    <subfield code="q">3</subfield>
    <subfield code="r">0</subfield>
    <subfield code="s">Y</subfield>
    <subfield code="t">BOOK</subfield>
    <subfield code="u">2016-3-4</subfield>
    <subfield code="x">SALUD</subfield>
    <subfield code="P">P69</subfield>
    <subfield code="0">COMPRA</subfield>
    <subfield code="o">.STAFF. Posgrado</subfield>
  </datafield>
  <datafield tag="980" ind1=" " ind2=" ">
    <subfield code="8">1</subfield>
    <subfield code="g">ALBERTO SANCHEZ Responsable de Automatizaci&#xF3;n</subfield>
  </datafield>
  <datafield tag="952" ind1=" " ind2=" ">
    <subfield code="r">2025-12-02 00:00:00</subfield>
    <subfield code="i">6</subfield>
    <subfield code="l">6</subfield>
    <subfield code="o">001.42 C22</subfield>
    <subfield code="p">72766</subfield>
    <subfield code="s">2022-11-04</subfield>
    <subfield code="t">e1</subfield>
    <subfield code="v">30.00</subfield>
    <subfield code="w">2016-03-04</subfield>
    <subfield code="x">PG</subfield>
    <subfield code="y">BK</subfield>
    <subfield code="z">inventario-2023-12-13</subfield>
    <subfield code="1">0</subfield>
    <subfield code="2">ddc</subfield>
    <subfield code="5">0</subfield>
    <subfield code="7">0</subfield>
    <subfield code="8">GEN</subfield>
    <subfield code="f">P69</subfield>
    <subfield code="a">BUL</subfield>
    <subfield code="b">BUL</subfield>
    <subfield code="c">GEN</subfield>
    <subfield code="d">2016-03-04</subfield>
    <subfield code="e">COMPRA</subfield>
    <subfield code="g">25.00</subfield>
  </datafield>
  <datafield tag="952" ind1=" " ind2=" ">
    <subfield code="r">2025-12-02 00:00:00</subfield>
    <subfield code="i">6</subfield>
    <subfield code="l">8</subfield>
    <subfield code="o">001.42 C22</subfield>
    <subfield code="p">72767</subfield>
    <subfield code="s">2022-10-06</subfield>
    <subfield code="t">e2</subfield>
    <subfield code="v">30.00</subfield>
    <subfield code="w">2016-03-04</subfield>
    <subfield code="x">PG</subfield>
    <subfield code="y">BK</subfield>
    <subfield code="z">inventario-2023-12-13</subfield>
    <subfield code="1">0</subfield>
    <subfield code="2">ddc</subfield>
    <subfield code="5">0</subfield>
    <subfield code="7">0</subfield>
    <subfield code="8">GEN</subfield>
    <subfield code="f">P69</subfield>
    <subfield code="a">BUL</subfield>
    <subfield code="b">BUL</subfield>
    <subfield code="c">GEN</subfield>
    <subfield code="d">2016-03-04</subfield>
    <subfield code="e">COMPRA</subfield>
    <subfield code="g">25.00</subfield>
  </datafield>
</record>
